The world of Marcel Duchamp, 1887-1968 / (Record no. 125463)
[ view plain ]
| 000 -LEADER | |
|---|---|
| fixed length control field | 00948cam a2200301 a 4500 |
| 001 - CONTROL NUMBER | |
| control field | 1925018 |
| 003 - CONTROL NUMBER IDENTIFIER | |
| control field | ARRUPE |
| 005 - DATE AND TIME OF LATEST TRANSACTION | |
| control field | 20161024151728.0 |
| 008 - FIXED-LENGTH DATA ELEMENTS--GENERAL INFORMATION | |
| fixed length control field | 730228s1972 nyuac b 001 0beng d |
| 010 ## - LIBRARY OF CONGRESS CONTROL NUMBER | |
| Canceled/invalid LC control number | 66028544 |
| 035 ## - SYSTEM CONTROL NUMBER | |
| System control number | (OCoLC)ocm00566094 |
| 035 ## - SYSTEM CONTROL NUMBER | |
| System control number | (NNC)1925018 |
| 040 ## - CATALOGING SOURCE | |
| Original cataloging agency | PAU |
| Transcribing agency | PAU |
| Modifying agency | OCL |
| -- | NJS |
| -- | OCL |
| -- | ZCU |
| 050 ## - LIBRARY OF CONGRESS CALL NUMBER | |
| Classification number | L N 6853.D8T6 1977 |
| 300 ## - PHYSICAL DESCRIPTION | |
| Other physical details | ill. (some col.), ports. ; |
| Dimensions | 31 cm. |
| 100 1# - MAIN ENTRY--PERSONAL NAME | |
| Personal name | Tomkins, Calvin, |
| Dates associated with a name | 1925- |
| 9 (RLIN) | 26589 |
| 245 14 - TITLE STATEMENT | |
| Title | The world of Marcel Duchamp, 1887-1968 / |
| Statement of responsibility, etc | by Calvin Tomkins and the editors of Time-Life Books. |
| 250 ## - EDITION STATEMENT | |
| Edition statement | Rev. |
| 260 ## - PUBLICATION, DISTRIBUTION, ETC. (IMPRINT) | |
| Place of publication, distribution, etc | New York : |
| Name of publisher, distributor, etc | Time-Life Books, |
| Date of publication, distribution, etc | 1972. |
| 300 ## - PHYSICAL DESCRIPTION | |
| Extent | 192 p. : |
| 490 1# - SERIES STATEMENT | |
| Series statement | Time-Life library of art |
| 500 ## - GENERAL NOTE | |
| General note | Includes index. |
| 504 ## - BIBLIOGRAPHY, ETC. NOTE | |
| Bibliography, etc | Bibliography: p. 185. |
| 600 10 - SUBJECT ADDED ENTRY--PERSONAL NAME | |
| Personal name | Duchamp, Marcel, |
| Dates associated with a name | 1887-1968. |
| 9 (RLIN) | 26590 |
| 710 2# - ADDED ENTRY--CORPORATE NAME | |
| Corporate name or jurisdiction name as entry element | Time-Life Books. |
| 9 (RLIN) | 26560 |
| 830 #0 - SERIES ADDED ENTRY--UNIFORM TITLE | |
| Uniform title | Time-Life library of art. |
| 9 (RLIN) | 26561 |
| 942 ## - ADDED ENTRY ELEMENTS (KOHA) | |
| Source of classification or shelving scheme | Library of Congress Classification |
| Koha item type | Monograph ( Printed materials) |
| Withdrawn status | Lost status | Source of classification or shelving scheme | Damaged status | Not for loan | Collection code | Home library | Current library | Shelving location | Date acquired | Total Checkouts | Full call number | Barcode | Date last seen | Price effective from | Koha item type |
|---|---|---|---|---|---|---|---|---|---|---|---|---|---|---|---|
| Library of Congress Classification | Main Collection | ARRUPE LIBRARY | ARRUPE LIBRARY | Main Collection | 07/10/2016 | L N6853.D8 T6 1977 | 46500010586 | 07/10/2016 | 07/10/2016 | Monograph ( Printed materials) |